• 首页
  • 本馆介绍
  • 公告通知
  • 最新文献
  • 馆藏检索
  • 电子资源
  • 读者导购
  • 参考咨询
  • 我的图书馆
  • 登录
  • 详细信息显示
  • 放入我的书架
  • 预约/预借图书
  • 作者相关作品
  • 分类相关作品
  • 丛书相关作品
  • 出版社相关作品

书目信息

  • 表格格式
  • 工作单格式
  • 卡片格式
题名:
河北晚古生代有孔虫生物地层
    
 
作者: 河北煤田地质勘探公司 主编
分册:  
出版信息: 北京   科学出版社  1991.12
页数: 179页
开本: 16开
丛书名:
单 册:
中图分类: P534.4
科图分类:
主题词: 地史学 , 地层学 , 地质学史
电子资源:
ISBN: 7-03-002574-1
000 00697nam0 2200217 45
001 0109260963
005 20031219104050.7
010    @a7-03-002574-1@dCNY14.00
100    @a20010926d1991 km y0chiy0120 ea
101 0  @achi
105    @af z 000yy
200 1  @a河北晚古生代有孔虫生物地层@AHe Bei Wan Gu Sheng Dai You Kong Chong Sheng Wu Di Ceng@f河北煤田地质勘探公司主编@FHe Bei Mei Tian Di Zhi Kan Tan Gong Si Zhu Bian
210    @a北京@c科学出版社@d1991.12
215    @a179页@c附图版(27页)@d16开
606 0  @a地史学
606 0  @a地层学
606 0  @a地质学史
690    @aP534.4@v4
701    @a河北煤田地质勘探公司@4主编
801    @aCN@bTSTC@c20010926
905    @f3@b298890-892@dP534.4@e62
    
    河北晚古生代有孔虫生物地层/河北煤田地质勘探公司主编.-北京:科学出版社,1991.12
    179页:附图版(27页);16开
    
    
    ISBN 7-03-002574-1:CNY14.00
    
●
相关链接 在E读中查询图书 在五车中查询图书 在当当中查询图书 在豆瓣中查询图书


正题名:河北晚古生代有孔虫生物地层     索取号:P534.4/62         预约/预借

序号 登录号 条形码 馆藏地/架位号 状态 备注
1 0298890   202988909   第三借阅区/ [索取号:P534.4/62] 在馆    
2 0298891   202988918   第三借阅区/ [索取号:P534.4/62] 在馆    
3 0298892   202988927   第二样本阅览室/ [索取号:P534.4/62] 在馆    
唐山师范学院图书馆 欢迎您!
大连网信软件有限公司© 版权所有